| 000 | 00940nam a22002537a 4500 | ||
|---|---|---|---|
| 999 |
_c63823 _d63823 |
||
| 005 | 20240530110700.0 | ||
| 008 | 180103s2016 ua g b 000 0 ara d | ||
| 017 |
_a2015/13218 _bمصر. دار الكتب |
||
| 020 | _a9789776528192 | ||
| 040 |
_aEG-CaGPL _cEG-CaGPL |
||
| 082 | 0 | 4 |
_221 _a953.6 / _bم ق |
| 100 | 0 | _aمحمد نصر مهنا | |
| 245 | 1 | 0 |
_aقطر : _bالتاريخ - السياسة - التحديث / _cمحمد نصر مهنا |
| 250 | _aط.1 | ||
| 260 |
_aالاسكندرية : _bدار الكتب والدراسات العربية ، _c2016. |
||
| 300 |
_a356 ص. ؛ _c24 سم. |
||
| 504 | _aيشتمل على ارجاعات ببليوجرافية | ||
| 650 | _2qrmak | ||
| 651 | 0 | 7 |
_2qrmak _aقطر _xالاحوال السياسية |
| 651 | 0 | 7 |
_2qrmak _aقطر _xتاريخ |
| 651 | 0 | 7 |
_2qrmak _aقطر _xتاريخ _yالعصر الحديث |
| 942 |
_2ddc _cBK |
||